Image recognition by holography /

Tallennettuna:
Bibliografiset tiedot
Päätekijä: Vasilenko, G. I. (Georgiĭ Ivanovich)
Muut tekijät: T͡Sibulʹkin, L. M. (Leonid Mikhaĭlovich)
Aineistotyyppi: Kirja
Kieli:English
Russian
Julkaistu: New York : Consultants Bureau, c1989.
Aiheet:
LEADER 01232cam a2200301 a 4500
001 c000276989
003 CARM
005 20090827135619.0
008 090826s1989 nyua b 000 0 eng d
019 1 |a 22480773  |z 5960836  |5 LACONCORD2021 
020 |a 0306110172 (hbk.) 
035 |a (OCoLC)18323184  |5 LACONCORD2021 
040 |a LC  |c LC  |d QUT  |d VCAV 
041 1 |a eng  |h rus 
082 0 4 |a 621.367  |2 22 
100 1 |a Vasilenko, G. I.  |q (Georgiĭ Ivanovich) 
240 1 0 |a Golograficheskie raspoznai͡ushchie ustroĭstva.  |l English 
245 1 0 |a Image recognition by holography /  |c G.I. Vasilenko and L.M. Tsibulʹkin ; translated from Russian by Albin Tybulewicz. 
260 |a New York :  |b Consultants Bureau,  |c c1989. 
300 |a ix, 332 p. :  |b ill. ;  |c 24 cm. 
500 |a Translation of: Golograficheskie raspoznai͡ushchie ustroĭstva. 
504 |a Bibliography: p. 325-332. 
650 0 |a Image processing. 
650 0 |a Holography. 
700 1 |a T͡Sibulʹkin, L. M.  |q (Leonid Mikhaĭlovich) 
852 8 |b CARM  |h A2:AL31A0  |i B10444  |p 0396636  |f BK 
999 f f |i df110ca2-d0e7-5235-a50f-ba5b3ad5c4cb  |s 0ae6b950-1e0f-56da-82f6-fb654080abbb 
952 f f |p Can circulate  |a CAVAL  |b CAVAL  |c CAVAL  |d CARM 1 Store  |e B10444  |f A2:AL31A0  |h Other scheme  |i book  |m 0396636